000 00389nam a2200157Ia 4500
008 230711s9999||||xx |||||||||||||| ||und||
041 _aENG
082 _a5
_bCH-C
100 _aChen,C.H
245 0 _aComputer Engineering handbook
250 _a1st Ed.
260 _c1992
_aNew Delhi
_bTata McGraw Hill Education Limited
300 _a595
650 _aComputer Engineering
942 _cBK
999 _c2771
_d2771